000 00254nam a2200109Ia 4500
008 200302s9999 xx 000 0 und d
100 _aMies Van Der Rohe
245 _aCrown Hall
260 _bBirkhauser Publications, Basel
260 _c2001
300 _a83
999 _c4622
_d4622